[Event "Pojedinacno prvenstvo centralne Srbije"]
[Site "www.sah-centralnasrbija.com"]
[Date "2014.03.19"]
[Round "4"]
[White "ANTIC,  Dejan"]
[Black "CVETKOVIC,  Srdjan"]
[Result "1-0"]
[WhiteElo "2462"]
[BlackElo "2332"]
[PlyCount "117"]
[EventDate "2014.??.??"]

1. d4 Nf6 2. c4 e6 3. Nf3 d5 4. Nc3 Nbd7 5. g3 c6 6. Bg2 dxc4 7. O-O b5 8. e4
b4 9. e5 bxc3 10. exf6 Nxf6 11. bxc3 Nd5 12. Ne5 Bd7 13. Rb1 Bd6 14. Nxc4 Be7
15. Ne5 Qc7 16. Qf3 O-O 17. c4 Nb6 18. Bf4 Qd8 19. c5 Nd5 20. Rb7 Be8 21. Nc4
Nxf4 22. Qxf4 g5 23. Qe3 Rb8 24. Rxa7 Ra8 25. Rxa8 Qxa8 26. a3 Bd7 27. Ne5 Rd8
28. f4 Be8 29. f5 exf5 30. Nxf7 Bxf7 31. Qxe7 Rxd4 32. Qxg5+ Bg6 33. Qf6 Qd8
34. Qxd8+ Rxd8 35. Bxc6 Rd3 36. a4 Rc3 37. Bd5+ Kf8 38. c6 Ke7 39. Ra1 Kd6 40.
Bg2 Kc7 41. a5 Kb8 42. Rd1 Ra3 43. Rd8+ Kc7 44. Rd7+ Kc8 45. Ra7 Ra1+ 46. Bf1
f4 47. Kf2 fxg3+ 48. hxg3 Rc1 49. Bh3+ Kb8 50. Rb7+ Ka8 51. Bd7 Be4 52. Ke3 Bg2
53. Rb6 Ka7 54. Kd4 Rd1+ 55. Kc4 Bf1+ 56. Kc5 Ba6 57. Rxa6+ Kxa6 58. c7 Rc1+
59. Kd6 1-0